000 00911cam a2200229 4500
001 WB4037-12
008 040928n2004 000 0 eng u
035 _a(Sirsi) u127535
245 _aProperty derivatives market expected to take off
260 _c2004
490 _aEstates Gazette
_v(0439) 25 September 2004, 41(1)
520 _aTax changes that encourage the use of derivatives were introduced on 17 September 2004. These effectively allow people to bet on the rise or fall of the Investment Property Databank indices and so hedge their risk. These changes could allow small private investors greater access to the commercial property market.
590 _aWB
590 _aWB
650 _aPROPERTY DERIVATIVES
650 _aTAXATION INCENTIVES
650 _aINVESTMENT PROPERTY DATABANK INDEX
650 _aPROPERTY INVESTMENT
650 _aREITS
690 _aINVESTMENT
942 _n0
999 _c118063
_d118063